Estatísticas para Cultura Geral

Clique aqui para jogar o quiz

Estatísticas Gerais

  • Esse quiz foi jogado 31 vezes
  • A pontuação média é 7 de 15

Estatísticas das Respostas

HintResposta% Correto
Como se diz noite em inglês?Night
96%
Que país da Oceania começa com a letra F?Fiji
83%
Que cantor usava um casaco preto de lantejoulas e uma luva branca?Michael Jackson
79%
Em 2015 houve muitos refugiados a fugirem para a Europa de que país vinham?Síria
67%
Em 2015 em que cidade europeia houve vários da parte do estado islâmico?Paris
63%
Qual é o oposto de Yin?Yang
63%
Como se diz sesta em espanhol?Siesta
46%
Em que país nasceu o cantor Maluma?Colômbia
42%
Completa o título da música:"In da ____"Club
29%
Em que país fica Jalance?Espanha
29%
Em 2015 que membro abandonou a banda One Direction?Zayn
29%
Qual é a maior montanha da Suíça?Alpes
17%
Em que país podemos encontrar a cidade de Izmir?Turquia
17%
Quem canta a música "Sweet Dreams (Are Made of This)"?Eurythmics
4%
Em que estado dos EUA podemos encontrar a cidade Baton Rouge?Louisiana
4%

Distribuição das Pontuações

Percentil de Números Respondidos

Porcentagem de Pessoas com Cada Pontuação

Sua Pontuação Histórica

Você não jogou esse quiz